[Event "Turin olympic op-B"]
[Site "Turin"]
[Date "2006.05.27"]
[Round "6"]
[White "Cacinschi, Alexandru"]
[Black "Giambavicchio, Francesco"]
[Result "1-0"]
[WhiteElo "1485"]
[BlackElo "1512"]
[PlyCount "53"]
[EventDate "2006.05.22"]
[EventType "swiss"]
[EventRounds "9"]
[EventCountry "ITA"]
[SourceTitle "EXT 2011"]
[Source "ChessBase"]
[SourceDate "2010.11.26"]
[SourceVersion "1"]
[SourceVersionDate "2010.11.26"]
[SourceQuality "1"]

1. d4 d6 2. c4 c5 3. dxc5 Qa5+ 4. Nc3 Qxc5 5. e3 e5 6. Nf3 Be7 7. Be2 Nf6 8. 0-0 Nc6 9. Bd2 0-0 10. Na4 e4 11. Nxc5 dxc5 12. Ne1 h6 13. f3 Be6 14. b3 Nh7 15. fxe4 f6 16. Bg4 Bf7 17. Bc3 Bg6 18. Be6+ Kh8 19. Bd5 Be8 20. Bxc6 Bxc6 21. e5 Rad8 22. Qc2 Ng5 23. exf6 Be4 24. fxg7+ Kg8 25. gxf8Q+ Bxf8 26. Qf2 Rd6 27. Qxf8+ 1-0